00778nam a2200217 a 450000100100000000500170001000800410002702000150006804000250008308200150010824501150012326000270023830000210026549000240028650400310031070000320034170000260037383000310039995201130043099900170054300003643220200930075728.0120117s1999 sp 000 0 spa d a8441405328 aDO-SdBNPbspacBNPHU axxxxbA63400aAntología poética de la dinastía Tang :bprimer período de oro /cAlfredo Gómez Gil, Chen Guang Fu,. aMadrid :bEdaf,c1999. a197 p. ;c19 cm.1 aArca de sabiduría aBibliografía : p.195-1971 aGómez Gil, Alfredo9626461 aChen, Guang Fu962647 0aArca de sabiduría962648 001050718MOaGRbGRcCTd2012-01-17iLF1l0oxxxx A634p36433-10r2020-06-25w2020-06-25y1ZNo se presta c35923d35923